ARRUPE JESUIT UNIVERSITY

CORONAVIRUS -STOP THE SPREAD - CLEAN,DISINFECT,COVER

Recollections of the Folger Shakespeare Library. (Record no. 130119)

MARC details
000 -LEADER
fixed length control field 00751cam a22002411 4500
001 - CONTROL NUMBER
control field 7425651
003 - CONTROL NUMBER IDENTIFIER
control field ARRUPE
005 - DATE AND TIME OF LATEST TRANSACTION
control field 20191204113637.0
008 - FIXED-LENGTH DATA ELEMENTS--GENERAL INFORMATION
fixed length control field 741028s1950 xx 000 0 eng
010 ## - LIBRARY OF CONGRESS CONTROL NUMBER
LC control number 50004249
035 ## - SYSTEM CONTROL NUMBER
System control number (OCoLC)1058194
040 ## - CATALOGING SOURCE
Original cataloging agency DLC
Transcribing agency OKentU
Modifying agency DLC
042 ## - AUTHENTICATION CODE
Authentication code premarc
050 00 - LIBRARY OF CONGRESS CALL NUMBER
Classification number Z733.W3
Item number K5
082 ## - DEWEY DECIMAL CLASSIFICATION NUMBER
Classification number 026.82233
300 ## - PHYSICAL DESCRIPTION
Dimensions 23 cm.
100 1# - MAIN ENTRY--PERSONAL NAME
Personal name King, Stanley,
Dates associated with a name 1883-
9 (RLIN) 48896
245 10 - TITLE STATEMENT
Title Recollections of the Folger Shakespeare Library.
Statement of responsibility, etc Stanley King
260 ## - PUBLICATION, DISTRIBUTION, ETC. (IMPRINT)
Place of publication, distribution, etc [Ithaca]
Name of publisher, distributor, etc Published for the Trustees of Amherst College [by] Cornell University Press
Date of publication, distribution, etc [1950]
300 ## - PHYSICAL DESCRIPTION
Extent 44 p.
610 20 - SUBJECT ADDED ENTRY--CORPORATE NAME
Corporate name or jurisdiction name as entry element Folger Shakespeare Library
9 (RLIN) 48897
906 ## - LOCAL DATA ELEMENT F, LDF (RLIN)
a 7
b cbc
c oclcrpl
d u
e ncip
f 19
g y-gencatlg
942 ## - ADDED ENTRY ELEMENTS (KOHA)
Source of classification or shelving scheme Library of Congress Classification
Koha item type Monograph ( Printed materials)
Holdings
Withdrawn status Lost status Source of classification or shelving scheme Damaged status Not for loan Collection code Home library Current library Shelving location Date acquired Total Checkouts Full call number Barcode Date last seen Price effective from Koha item type
    Library of Congress Classification     Main Collection ARRUPE LIBRARY ARRUPE LIBRARY Main Collection 04/12/2019   Z733.W3 K5 46600006094 04/12/2019 04/12/2019 Monograph ( Printed materials)

 

Arrupe Library. PO Box MP320 Mt Pleasant, Harare, Zimbabwe
263 242 745411|librarian@aju.ac.zw